000 00389cam a22000977a 4500
008 180718b2011 xxu||||| |||| 00| 0 eng d
100 _aTuteja, Usha
245 _aPossibilities and constraints of increasing production of pulses and impact of national food security mission, pulses in Haryana
_cby Usha Tuteja
260 _aDelhi
_bAgricultural economics research centre
_c2011
300 _a102p.
999 _c504129
_d504129